[Event "EU-Cup 18th"]
[Site "Kallithea"]
[Date "2002.09.25"]
[Round "4.4"]
[White "Horvath, Csaba"]
[Black "Poldauf, Dirk"]
[Result "1-0"]
[WhiteElo "2517"]
[BlackElo "2410"]
[Annotator "Hazai,L"]
[PlyCount "57"]
[EventDate "2002.09.22"]
[EventType "team-swiss"]
[EventRounds "7"]
[EventCountry "GRE"]
[SourceTitle "CBM 092"]
[Source "ChessBase"]
[SourceDate "2003.02.06"]
[SourceVersion "1"]
[SourceVersionDate "2003.02.06"]
[SourceQuality "1"]
[WhiteTeam "Zalaegerszeg"]
[BlackTeam "Berlin SF"]
[WhiteTeamCountry "HUN"]
[BlackTeamCountry "GER"]

1. Nf3 Nf6 2. g3 g6 3. b3 Bg7 4. Bb2 d6 5. d4 c5 6. Bg2 cxd4 (6... O-O 7. O-O
cxd4 8. Nxd4 d5 {- Kurajica-Smirin, Pula zt 2000 CBM 77}) 7. Nxd4 d5 8. c4 (8.
O-O O-O 9. c4 {is the theoretical main line.}) 8... e5 {This is the sharp and
consequent continuation. Black wants to build up a strong P [+].} (8... dxc4 9.
O-O O-O 10. bxc4 {may again transpose to the theoretical main line.}) 9. Nc2 d4
10. e3 (10. O-O O-O {is again a transposition.}) 10... d3 {The main question
is whether Black can hold this P or not.} (10... Bg4 {was a good alternative,
for example:} 11. Qd2 Nc6 12. exd4 exd4 13. O-O O-O 14. f3 {(Dizdarevic-Smirin,
Sarajevo 2002 CBM 90)} Bf5 $5 15. Nxd4 Nxd4 16. Qxd4 Qxd4+ 17. Bxd4 Rad8 18.
Be5 Rfe8 {with very active black pieces for the P.} 19. f4 Be4 20. Bxe4 Nxe4
21. Bxg7 Kxg7 $44) 11. Nb4 e4 12. Nd5 O-O 13. Nxf6+ Bxf6 14. Nc3 Bxc3+ $6 {
Black has to pay a high price for holding his strong P chain, he has to give
up his strong B. Now White has a pressure on the long /^.} (14... Re8 $5 15.
Qd2 Qa5 16. Rb1 Bxc3 {was the other way to give up the ^^.} 17. Bxc3 Qh5 18. h3
Nc6 {fighting for the light squares.}) 15. Bxc3 Qe7 {Later the Q will go to g5
anyway, so in some caes this is a loss of a tempo.} (15... Re8 16. O-O Qg5 {
loks more to the point, for example:} 17. Qd2 Bf5 {Black has to hold his o^ on
d3 at any cost.} (17... Bg4 18. f3 exf3 19. Bxf3 Bxf3 20. Rxf3 Nc6 21. Qxd3
Rad8 22. Qe2 $16) 18. f3 Nc6 19. Rae1 exf3 20. Bxf3 Rad8 21. Bd5 $14 {and
White's ^^ dominates the board.}) 16. f3 Bf5 (16... exf3 17. Qxf3 Nc6 18. O-O
$16) 17. O-O Qg5 (17... Re8 18. Qd2 Nc6 19. Rae1 exf3 20. Bxf3 Be4 21. Bxe4
Qxe4 22. Rf4 $16) 18. Qd2 exf3 19. Rxf3 Nc6 20. Rf4 $16 Rad8 21. Raf1 Rd7 22.
R1f2 $6 (22. Bd5 $1 $16 {was simple and strong!}) 22... Be6 23. Bd5 Bxd5 24.
cxd5 $6 {continuing the wrong plan.} (24. Bf6 {was the important intermediate
move!} Qh5 25. Rh4 Qxh4 26. Bxh4 Be4 27. Bf6 $16 {and Black has no sufficient
compensation for the Q.}) 24... Qxd5 25. e4 Qc5 ({or} 25... Qd6 26. Rf6 Qc7 {
with a tense situation.}) 26. b4 (26. Rf5 $1 Qb6 27. Rd5 {deserved attention
trying to eliminate the dangerous o^ on d3.}) 26... Qb5 27. Rh4 f5 (27... f6 $1
{closing the long /^ looks more logical.}) 28. Qh6 Rff7 $4 {[%mdl 8192] [#]
This is a serious tactical blunder!} ({after} 28... Qb6 $1 {White's -> is not
easy to continue!}) 29. Qxg6+ $1 1-0

[Event "EU-Cup 16th"]
[Site "Neum"]
[Date "2000.09.24"]
[Round "1.1"]
[White "Bauer, Christian"]
[Black "Ivanchuk, Vassily"]
[Result "1-0"]
[WhiteElo "2562"]
[BlackElo "2719"]
[Annotator "Hazai,L"]
[PlyCount "95"]
[EventDate "2000.09.24"]
[EventType "team-swiss"]
[EventRounds "7"]
[EventCountry "BIH"]
[SourceTitle "CBM 080"]
[Source "ChessBase"]
[SourceDate "2001.01.25"]
[SourceVersion "1"]
[SourceVersionDate "2001.01.25"]
[SourceQuality "1"]
[WhiteTeam "Nancy"]
[BlackTeam "Warsaw Polonia"]
[WhiteTeamCountry "FRA"]
[BlackTeamCountry "POL"]

1. d4 Nf6 2. Nf3 g6 3. g3 Bg7 4. Bg2 O-O 5. O-O d6 6. Nc3 (6. c4 {is certainly
the main continuation, but the text contains also venom. White wants to
transpose to the g3 Pirc, which can be unfamiliar to some King's Indian player.
}) 6... Nc6 (6... d5 {- Svidler-Smirin, Tel Aviv 1999}) (6... Nbd7 {-
Sosonko-Van Wely, Rotterdam 1998}) 7. d5 {[%mdl 32768]} (7. Bf4 {is usually
worthless in these types of position, e5 may come soon.} Nd7 {/\ e5 leads to
complex middlegame positions.} (7... Bg4 8. Qd2 Bxf3 (8... Qe8 {is a bit
sophysticated.} 9. d5 Bxf3 10. exf3 Nb4 11. a3 Na6 12. Rfe1 Qd7 13. Bf1 $14 {
^^ and space advantage, Rashkovsky-Voitsekhovsky, Kstovo 1994.}) 9. Bxf3 e5 10.
Bxc6 exf4 11. Bxb7 Rb8 12. Bg2 fxg3 13. hxg3 Rxb2 14. Rab1 Rb6 $11 {^-}) 8. Qd2
e5 9. Bg5 f6 10. Bh6 {The exchange of the fianchettoed B is not dangerous
because of the P structure .} Nb6 11. Bxg7 Kxg7 12. h3 f5 13. dxe5 dxe5 {
with a strong central P formation.} 14. Qxd8 Rxd8 15. Rfd1 e4 16. Rxd8 Nxd8 17.
Nd4 c6 18. f3 exf3 19. exf3 Ne6 $11 {Andersson-Zapata, Yerevan 1996}) (7. h3 {
is too slow.} Bf5 8. Re1 Ne4 9. Nxe4 Bxe4 10. c3 e5 $11 {Ree-Zaitsev, Sochi
1976}) (7. Bg5 {Khanov-Gipslis, Sverdlovsk 1957} h6 $1 $11) (7. e4 Bg4 $5 (7...
e5 8. dxe5 (8. h3 $143 {allows Black the equalizing combination} exd4 9. Nxd4
Nxe4 $1 10. Nxc6 Nxc3 11. Nxd8 Nxd1 12. Nxb7 Nxb2 13. Rb1 {1/2-1/2
Etruk-Boleslavsky, SU 1968}) (8. d5 Ne7 $13 {/\ c6 and White can regret that
he didn't play c2-c4 in time.}) 8... dxe5 (8... Nxe5 {is also good for
equality.} 9. Nxe5 dxe5 10. Qxd8 Rxd8 $11) 9. Bg5 (9. Qxd8 Rxd8 10. Bg5 Be6 11.
Rfd1 h6 12. Bxf6 Bxf6 13. Nd5 Bxd5 14. exd5 Ne7 $11 {^- Gislason-D.Bronstein,
Reykjavik 1996}) 9... Qxd1 10. Raxd1 Bg4 {>< d4} 11. Rd2 Bxf3 12. Bxf3 Nd4 13.
Kg2 c6 14. Na4 Ne6 15. Be3 Rfd8 16. Rxd8+ Rxd8 17. Rd1 Rxd1 18. Bxd1 b6 19. f3
Bf8 20. Nc3 Bc5 21. Bc1 {White has to keep the ^^, otherwise Black can get
pressure on the dark squares.} b5 22. Ne2 Kf8 23. Bd2 Ke7 24. Nc1 Bb6 25. Be2
Nd7 26. Nb3 a6 $11 {Dzuban-Titov, SU-chT Azov 1991}) 8. h3 (8. Be3 e5 9. d5 Ne7
10. Qd2 Qd7 11. Ne1 c6 {blowing up the [+].} 12. f3 cxd5 13. exd5 Bh3 $13 {
Fedulov-Zaitsev, Smolensk 1997}) 8... Bxf3 9. Bxf3 e5 (9... Nd7 10. Be3 e5 11.
d5 Ne7 12. Qd2 f5 13. Bg5 Kh8 14. Bg2 Bf6 15. Bh6 {Beshukov-Gavrilov, Moscow
II 1990} Bg7 $11 {with a possible repetition of moves.}) 10. dxe5 (10. d5 Nd4
11. Bg2 c6 $11 {Perez-Smyslov, Dortmund 1961}) 10... Nxe5 (10... dxe5 11. Be3)
11. Bg2 Re8 12. Nd5 Nfd7 (12... c6 13. Nxf6+ Qxf6 $11) 13. Rb1 c6 14. Nf4 Nc5
$11 {Knezevic-Christiansen, Grindavik 1984}) 7... Na5 $1 {It is not easy for
White to make profit from the N on the edge of the board.} (7... Nb8 $143 {
is simply too passive.} 8. e4 $14 {B07} (8. h3 c5 (8... c6 9. e4 $14) 9. e4 Na6
10. Re1 Nc7 11. a4 $1 $14 {Stohl} (11. e5 Nfe8 12. a4 b6 {Kurajica-Quinteros,
Novi Sad 1982} 13. Bf4 $14))) (7... Nb4 $5 {is a provocative idea.} 8. e4 e6 9.
h3 (9. a3 Na6) 9... a5 {securing the retrat to a3 against b4.} 10. Be3 Re8 11.
a3 Na6 12. Re1 exd5 13. exd5 Bf5 14. Nd4 Be4 $1 15. Nxe4 Nxe4 16. c3 Nac5 17.
a4 Re7 18. Nb3 Nxb3 19. Qxb3 Qe8 20. Bxe4 Rxe4 21. Bd2 b6 $11 {Boensch-Vogt,
Halle 1981}) 8. h3 (8. Qd4 $6 {Archangelsky-Mauro, Amantea op 1995} c6 $1 $36 {
Stohl}) (8. e4 c6 (8... c5 $143 {leaves White's strong [+] unchallenged.} 9.
Re1 Rb8 (9... e5 10. a4 Ne8 11. b3 Bd7 12. Bd2 b6 13. Bf1 Qc8 14. Nh4 {White
has a huge space advantage.} Nb7 15. Bd3 a6 16. Qe2 Nc7 17. Ng2 Nd8 18. Ne3 Ne8
19. Reb1 a5 20. Bb5 $16 {Spassky-Gufeld, Moscow 1961}) 10. a4 (10. e5 Ne8 11.
exd6 (11. h3 {This move is not necessary at all.} b5 12. Rb1 (12. a4 $143 b4
13. Nb5 a6 14. Na7 Bb7) 12... Nc4 13. exd6 exd6 14. Bg5 f6 15. Bc1 Nc7 16. b3 (
16. Nd2 $5) 16... Nb6 17. b4 cxb4 18. Rxb4 (18. Nd4 Bd7 19. Rxb4 a5) 18... a5
19. Rh4 b4 20. Nd4 Bd7 $132 {Tu Hoang Thong-Saroinsong, Canberra 1995}) 11...
Nxd6 (11... exd6 12. Bg5 $14) 12. Qe2 $14) 10... a6 11. e5 Ne8 12. h3 b5 13.
axb5 axb5 14. exd6 Nxd6 (14... exd6 15. Bg5 $14) 15. Bg5 $14) (8... Bg4 9. h3
Bxf3 10. Qxf3 c6 11. a4 {/\ R a2, b3 is a similar strategy to the Pirc Defence.
}) 9. Re1 (9. h3 {-8.h3}) 9... Bg4 10. h3 Bxf3 11. Qxf3 Rc8 12. Qe2 a6 13. dxc6
{giving up the pressure in the [+] is a relief for Black.} (13. a4 $5 {/\ R a2,
b3}) 13... Nxc6 14. Be3 (14. Rb1 Nd7) 14... Nd7 15. Rad1 Na5 16. Bc1 Nc4 17.
Nd5 Nxb2 18. Bxb2 Bxb2 19. Rb1 Bg7 20. Rxb7 e6 21. Ne3 Nc5 22. Rbb1 Qc7 $11 {
Smyslov-Speelman, Subotica izt 1987}) (8. Rb1 $142 Bd7 {preparing for c6.} (
8... c6 $6 {Now this can strongly be met by} 9. b4 Nc4 10. dxc6 d5 (10... bxc6
11. Nd4 {wins the c6 P.} Bd7 12. Nxc6 Bxc6 13. Bxc6 Rb8 14. Bg2 $16) 11. cxb7
Bxb7 {~~ Beim} 12. Nd2 {Black has some compensation for the P, but perhaps not
a full one.} Qc8 13. Na4 Nd7 14. Nb3 Bc6 15. Nac5 Nxc5 16. Nxc5 d4 17. Bxc6
Qxc6 18. Qd3 Ne5 19. Qb3 $16 {Sherbakov-Karasev, Blagoveshchensk 1988}) 9. e4 (
9. b3 $5 {deserves serious attention, for example:} c6 10. Bb2 $1 Nxd5 11. Nxd5
Bxb2 12. Rxb2 cxd5 13. Qxd5 $14 {/\ c4 Beim}) 9... c6 10. b3 (10. Re1 $5 $14 {
Stohl}) (10. a4 $5 {Stohl}) 10... cxd5 11. exd5 (11. Nxd5 $2 Nxe4 12. Qe1 e6
13. Qxe4 Bc6 $1 14. c4 exd5 15. cxd5 Bb5 $1 $17) 11... Rc8 12. Bb2 $1 (12. Bd2
b5 $1 (12... Qc7 $6 13. a4 $14) 13. a3 Re8 $1 {This is a very important
prophylactical move.} (13... a6 14. Qe1 $1 Qb6 (14... Nb7 15. Nd4 Qb6 16. Nc6
$16) 15. Nxb5 axb5 16. Bxa5 Qa7 17. Rd1 Rxc2 18. Nd4 $16) 14. h3 ({Now the
variation of the previous remark is not so dangerous:} 14. Qe1 Nb7 $1 15. Nd4
Qb6 16. Nc6 Bxc6 17. dxc6 Nd8) 14... a6 15. Re1 $142 {Stohl} (15. Nd4 Qb6 16.
Nde2 $1 (16. Nce2 $6 e5 $1 17. dxe6 fxe6 {Romanishin-Beim, Linz 1997} 18. Nf4
$1 Qxd4 $1 19. Bxa5 Qxd1 20. Rfxd1 $1 g5 21. Ne2 e5 $15 {Romanishin}) 16... e5
17. dxe6 fxe6 18. Be3 Qc7 $15) 15... e5 16. dxe6 fxe6 17. Ng5 $5 $13) 12... Qc7
13. Nd4 Rfe8 $13) (8. Nd4 Bd7 9. Nb3 {exchanging the N on the edge of the
board cannot yield anything for White.} c6 10. Nxa5 Qxa5 11. Bd2 Qb6 12. Rb1
cxd5 13. Nxd5 Nxd5 14. Bxd5 Bc6 $11 {Hartoch-Smyslov, Amsterdam 1994}) 8... c6
9. e4 Bd7 $146 {Black wants to keep the tension for a while.} (9... cxd5 {
is also playable.} 10. exd5 (10. Nxd5 Bd7 11. Re1 Rc8 12. c3 Nxd5 13. exd5 Nc4
14. a4 Re8 15. Nd2 Na5 16. Bf1 e6 17. Ne4 exd5 18. Bg5 Qb6 19. Nf6+ Bxf6 20.
Bxf6 Re6 21. Bd4 Qxb2 22. Rb1 Qa2 23. Ra1 {Romanishin-Beim, Groningen op 1990}
Qb2 $1 $11 {Stohl}) 10... Bd7 11. a4 Rc8 12. Re1 Re8 13. Nd4 a6 $11) 10. Qe2 $6
(10. a4 $11) 10... cxd5 11. exd5 Rc8 {Now Black has a pressure on the c <->.}
12. Rd1 Re8 (12... Qb6 13. a4 a6 14. Nd4 (14. Ra2) 14... Rfe8 {- 12...R e8})
13. Nd4 (13. a4 $6 {is met by a counterblow in the [+].} e5 $1 14. dxe6 Bxe6
15. Qb5 Bc4 16. Qg5 $15 (16. Qb4 $2 d5 $17)) 13... Qb6 14. a4 a6 15. Ra2 h5 $15
{It is not easy for White to finish his development.} 16. Qd3 (16. Be3 Nc4)
16... Qc5 17. Be3 (17. Bg5 $5) 17... Qb4 (17... Nc4 $1 {was stronger} 18. Bc1 (
18. Ne6 {is not so frightening because of the counterattacking move} Nxb2 $1
19. Nxc5 Nxd3 20. Rxd3 dxc5 21. d6 Bf5 22. Rd1 exd6 23. Bxb7 Rcd8 24. Bxa6 Bxh3
25. Bb5 Rf8 26. a5 $44)) 18. Nce2 Nc4 19. c3 Qb6 20. Bc1 Rc5 21. Nf4 Ne5 22.
Qe2 Qc7 23. Be3 Nc4 24. Nb3 Nxe3 25. Nxc5 Nxd1 26. Nxd7 Nxd7 27. Qxd1 Ne5 {
The position is about equal.} 28. a5 Rb8 29. Bf1 Bh6 30. Nd3 Qc4 31. Nb4 Qc5 (
31... Qe4 $2 32. Bg2 $16) 32. Ra1 Rc8 (32... f5 $2 33. Bxa6 $1) 33. Qe2 f5 $6 {
Black wants to change the drawish course of the game, but only weakens himself
totally.} 34. Kg2 f4 $6 {Following the wrong plan.} 35. gxf4 Bxf4 36. Qe4 $16 {
and suddenly the black >> is under ->.} Bh6 (36... g5 37. Bd3 $40) (36... Rf8
37. Nd3 $18) 37. f4 Nc4 38. Qxg6+ Bg7 39. Qe6+ $6 Kh8 40. Bxc4 Qxc4 41. Kf3 Rf8
42. Qe4 Qb3 $6 (42... Qc8) 43. Nd3 $18 Qc2 44. Rg1 Qh2 45. Qg6 Qxh3+ 46. Ke2
Rg8 47. Rg5 Qh2+ 48. Nf2 1-0

[Event "Petrosian Memorial Internet"]
[Site "ICC INT"]
[Date "2004.12.18"]
[Round "1"]
[White "Zvjaginsev, Vadim"]
[Black "Minasian, Artashes"]
[Result "1-0"]
[WhiteElo "2650"]
[BlackElo "2584"]
[Annotator "Hazai,L"]
[PlyCount "57"]
[EventDate "2004.12.18"]
[EventType "team"]
[EventRounds "6"]
[EventCountry "USA"]
[SourceTitle "CBM 105"]
[Source "ChessBase"]
[SourceDate "2005.04.11"]
[SourceVersion "1"]
[SourceVersionDate "2005.04.11"]
[SourceQuality "1"]

1. Nf3 g6 2. d4 Bg7 3. g3 c5 4. c3 Qb6 5. Bg2 Nf6 6. O-O O-O 7. d5 (7. h3 $6 {
This is too slow.} d5 $5 $13 {looks also very healthy, compare to the Neo
Grunfeld.} (7... d6 8. Nbd2 cxd4 9. Nxd4 (9. cxd4 Nc6 $13) 9... Nc6 {Now White
has problems in the [+].} 10. N2b3 Nxd4 11. cxd4 (11. Qxd4 Qc7) (11. Nxd4 {
This is a bit too provocative, Black can create a strong P [+].} e5 $1 12. Nc2
(12. Nb3 d5 13. Be3 Qc7 {and White cannot attack d5 or e5.}) 12... d5 13. a4 {
(Kunte-Hebden, Torquay 2002 CBM 91)} Rd8 $36))) (7. a4 cxd4 (7... d5 8. a5 Qb5
9. c4 $16) (7... Nc6 8. a5 Qb5 9. a6 $13) (7... d6 8. a5 Qc7 9. Nbd2 Na6 10. e4
cxd4 11. Nxd4 {This P structure reminds me to the g3 Dragon systems, where
Black has good counterchances.} Bg4 12. Qe1 Nc5 13. Qe3 Bd7 14. h3 Rfe8 15. Re1
e5 16. Nc2 d5 17. exd5 e4 18. Qf4 Qxf4 19. gxf4 Nd3 $15 {Nikolaidis-Atalik,
Ano Liosia 1996}) 8. a5 Qd8 {This is the simple retreat.} (8... Qc7 {The Q can
be more vulnerable here.} 9. cxd4 Nc6 10. Qa4 d6 11. Nc3 Bd7 12. Bg5 {White
has some small space advantage.} e6 13. Qa3 a6 14. Rfc1 (14. Bxf6 {looks a bit
premature.} Bxf6 15. d5 Na7 16. Ne4 (16. Rac1 Bxc3 17. Rxc3 $14 {1/2-1/2
Garcia Ilundain-Reinderman, Escaldes 1998}) 16... Be7 17. Rac1 $14) 14... Rac8
15. b4 $5 $14 {is worthy of consideration.} (15. Bf4 e5 16. Bg5 exd4 17. Bxf6
Bxf6 18. Nd5 Qd8)) 9. cxd4 (9. Nxd4 Nc6 10. a6 Qb6 $13) 9... d5 10. Ne5 (10.
Nc3 Ne4 $11) 10... Ng4 11. Nxg4 Bxg4 12. h3 (12. Nc3 Nc6 13. h3 (13. a6 bxa6
14. Bxd5 Rc8) 13... Bd7 14. Nxd5 Bxh3 15. Bxh3 Qxd5 16. Bg2 Qb5) 12... Bd7 13.
Bxd5 Nc6 14. Bg2 $11 (14. a6 Bxh3 15. Nc3 (15. axb7 Qxd5) 15... Qb6 16. axb7
Rad8 17. Qa4 Nxd4 (17... Nb4 18. Bf3 Bxf1 19. Kxf1 Bxd4 20. Bh6 Rfe8 21. e3 $13
{Psakhis}) 18. Qxa7 (18. Rd1 $2 Rxd5 19. Nxd5 Nxe2+ 20. Kh2 Qxf2+ $19) (18. Be3
$2 Rxd5 19. Nxd5 Qxb7 20. Bxd4 Qxd5 $19) 18... Qxa7 19. Rxa7 Nxe2+ 20. Nxe2
Bxf1 $15 {Sveshnikov-Psakhis, Sochi 1979 28/123})) (7. Na3 d5 $5 {and the N on
a3 is out of play.} (7... cxd4 8. Qxd4 Qxd4 9. Nxd4 Nc6 10. Nac2 Nxd4 11. Nxd4
Rb8 12. b3 d6 13. Bb2 Bd7 14. c4 {This _|_ is White's dream here, although the
advantage is still minimal.} a6 15. Rac1 Rfc8 16. Rfd1 Ne8 17. e3 $14 {C.
Foisor-Vassallo, Lorca 2001})) (7. Nbd2 cxd4 8. cxd4 d5 {and in this Neo
Grunfeld structure the N belongs to c3.} 9. Nb3 (9. Qb3 Qa6 10. e3 Nc6 11. Ne5
Bf5 12. Re1 Nxe5 13. dxe5 Ne4 $36 {Mason-Hebden, Scarborough 1999}) 9... Nc6
10. e3 Bf5 {Black has finished his development with ease.} 11. Bd2 Rfc8 12. Bc3
Qd8 13. Qe2 Be4 $11 14. Rfc1 e6 15. Nc5 b6 16. Nxe4 Nxe4 17. Nd2 {1/2-1/2
Spulber-Moldovan, Baile Tusnad 2001}) 7... d6 (7... e6 8. c4 Qa6 {Black wants
to make profit from his early developed Q.} 9. Na3 $5 (9. Nfd2 exd5 10. cxd5 d6
11. a4 b5 12. Na3 bxa4 13. Nac4 Bd7 14. Re1 Bb5 $1 {just in time!} (14... Ne8
15. e4 Bb5 16. Na3 Nd7 $5 (16... Bd3 $6 {is strongly met by the tactical} 17.
Nac4 $1 Nd7 (17... Bxc4 18. Rxa4 $16) 18. Re3 Bxc4 19. Rxa4 $16 {K.
Arkell-Hillarp Persson, Paignton 2000}) 17. Nxb5 Qxb5 18. Qxa4 Qxa4 19. Rxa4
Nb6 20. Ra3 Nc7) 15. Na3 (15. e4 Nbd7 $13) 15... Nbd7 $13) 9... d6 10. Nb5 $36)
8. Re1 (8. c4 e6 9. Nc3 exd5 10. cxd5 Nbd7 11. Nd2 {In this Benoni type of
position the Q is rather vulnerable on b6.} Ne5 12. h3 Nh5 $5 {/\ f5} (12...
Qa6 13. Qb3 Nh5 $5 {/\ f5 deserves attention again.} (13... Rb8 14. a4 Ne8 15.
f4 $1 (15. Ra3 {is too slow.} f5 16. f4 Nf7 17. e4 Qa5 18. Nc4 Qd8 19. Re1 fxe4
20. Nxe4 Nc7 21. Bd2 Bf5 22. Nc3 Re8 $11 {Benko-Fischer, Curacao ct 1962})
15... Nd7 16. Nc4 $14)) 13. Qb3 Qd8) (8. Nfd2 e5 {/\ Ne8, f5 with attacking
chances on the >>.} 9. a4 Ne8 10. Na3 f5 11. Nac4 Qc7 12. b4 Nd7 $13 {
Ellers-Uhlmann, Schwerin 1999}) 8... e6 9. e4 (9. c4 {is less consistant.} exd5
10. cxd5 {leading to a Benoni.}) 9... exd5 10. exd5 {Now White can make profit
from the vacant c4 square putting a N there.} Bg4 $6 {The exchange of this B
is not very useful from strategical point of view.} (10... Na6 11. a4 Nc7 (
11... Bf5 12. Na3 Nc7 $11) 12. c4 Bf5 $11 {with a healthy Benoni type of
position for Black.}) 11. Na3 (11. c4 Nfd7 $1 {is the flexible move with a
double threat.} (11... Nbd7 {allows White to consolidate his position after}
12. h3 Bxf3 13. Bxf3 Rfe8 14. Rxe8+ Rxe8 15. Nc3 $14 {leading to a King's
Indian Averbakh type of position where White's ^^ has a bright future in the
_|_.})) (11. h3 Bxf3 12. Bxf3 Na6 (12... Nbd7 13. Na3) 13. Na3 $14) (11. a4
Nbd7 12. h3 Bxf3 13. Bxf3 Ne5 $132) 11... Nbd7 12. Qb3 $1 {Suddenly >< d6
becomes vulnerable.} (12. h3 Bxf3 13. Bxf3 Rfe8 14. Rxe8+ Rxe8 $11) 12... Qxb3
(12... Rfe8 {looks more persistant.} 13. Bf4 Qxb3 14. axb3 Bxf3 (14... Nxd5 15.
Bxd6 $16) 15. Bxf3 Ne5 16. Bxe5 dxe5 17. Nb5 e4 18. Bg2 $14) 13. axb3 Nxd5 $6 {
This opens up the position for the strong fianchettoed B.} (13... Bxf3 14. Bxf3
Ne5 15. Be2 (15. Bg2 Nd3) 15... Rfe8 {keeping the position closed against the
enemy's ^^ was the better strategy.} (15... Nxd5 16. Nb5 $14)) 14. Nb5 $1 {
Now surprisingly enough Black is already in a big trouble!} Rfd8 (14... h6 15.
Nxd6 Rfb8 16. Ng5 $18) (14... N5b6 15. Nxd6 Be6 16. Ng5 Bxb3 17. Bxb7 $16) 15.
Nxd6 Bxf3 16. Bxf3 Ne5 17. Rxe5 $1 {This liquidation leads to an easy winning
_|_ for White.} Bxe5 18. Nxb7 Rd7 19. Nxc5 Rdd8 20. c4 $18 {and the further
material losses are inevitable.} Nb4 21. Bxa8 Rxa8 22. Ra4 Nc6 23. b4 Rd8 24.
b5 Nd4 25. Kg2 Nc2 26. Rxa7 Bd4 27. Rd7 Rc8 28. Nb3 Rxc4 29. Bh6 1-0